1576 1023 1458 1245 1467 1990 1392 1749 1181 1144 1934 1295 1289 1220 1135 1544 1453 1714 1499 1176 1153 1131 1573 1967 1657 1725 1989 1398 1019 1471 1244 1866 1582 1609 1539 1047 1951 1237 1059 1278 1315 1305 1023 1582 1322 1197 1066 1264 1643 1730 1658 1875 1957 1131 1317 1732 1413 1936 1740 1479 1570 1629 1739 1285 1766 1565 1793 1032 1552 1766 1573 1501 1533 1422 1954 1335 1576 1160 1858 1698 1460 1048 1701 1002 1243 1121 1265 1803 1058 1071 1124 1536 1372 1016 1141 1854 1976 1856 1982 BCNSPRNW ULIB Ver.6.0+V

เปลี่ยนเป็นภาษาไทย

Change to English
 แสดงรายละเอียดบรรณานุกรม
  กลับหน้าหลัก

Brief Record : Get Marc (ISO 2709) : E-mail record : QR code < ปิดหน้าต่าง
LEADER : 00000nam 2200000uu 4500
001    13399122046
003     ULIB
008    121221s2552||||th 000 0 tha d
020    ^a9786167183022
060  4 ^aWJ300^bท184ร 2552
100 0  ^aทวี ศิริวงศ์
245 10 ^aโรคไตทางคลินิก=^bClinical Nephrology/^cทวี ศิริวงศ์
246 31 ^aClinical Nephrology
250    ^aพิมพ์ครั้งที่ 1
260    ^aขอนแก่น:^bมหาวิทยาลัยขอนแก่น,^c2552
300    ^a191 หน้า
650  7 ^aโรคไตทางคลินิก
650  7 ^aโรคไต
710 2  ^aมหาวิทยาลัยขอนแก่น^bคณะแพทย์ศาสตร์^bภาควิชาอายุรศาสตร์^bสาขาวิชาโรคไต
945    ^p0^l0^i17145
945    ^p0^l0^i17146
995    ^aทศพร
999    ^aทศพร เกษรทอง
รายการนี้ยังไม่มีแท็ก
คุณยังไม่ได้ล็อกอิน คุณสามารถมีกิจกรรมร่วมกับเว็บไซต์ได้ แต่ต้องล็อกอินก่อน ::
  ล็อกอิน

รายการสื่อสารสนเทศ

ลำดับที่ ประเภท เลขเรียก/บาร์โค้ด สถานที่ สถานะ
- ไม่พบข้อมูล -

รายการใกล้เคียง
    ผู้แต่ง [ทวี ศิริวงศ์]

    หัวเรื่อง [โรคไตทางคลินิก]
    หัวเรื่อง [โรคไต]

BibComment


ยังไม่เคยถูกคอมเมนท์

คอมเมนท์ทรัพยากรรายการนี้
  คอมเมนท์: โรคไตทางคลินิก C..


 Copyright 2026. Bcnsprnw @Library